000 00431cam a22001217a 4500
008 180718b1988 xxu||||| |||| 00| 0 eng d
082 _ab131x54 N213s
245 _aState of India's Urbanisation
_cBy National Institute of Urban Affairs
260 _aNew Delhi
_bNational Institute of Urban Affair
_c1988
300 _avii, 73p
650 _aCities and towns --India --Growth --Statistics
650 _aCities and towns --India --Growth
999 _c408489
_d408489